000 00705nam a22002417a 4500
003 OSt
005 20140310181741.0
008 130323t xxu||||| |||| 00| 0 eng d
020 _a0879660775
050 _aLB 1575.37
_b.B715 1981
082 _bTR 372.6st
_2B64mm 1981
100 _aBoning, Richard A.
_9392
245 _aMastering multiple meanings/
_cRichard A. Boning
260 _aNew york :
_bBarnell Loft Ltd,
_cc1981.
300 _a35 p. :
_c18 cm.
_bill. ;
521 _aFaculty
541 _j1
541 _j2
562 _e2
650 _aReading
_xProgrammed instruction.
_9643
650 _aReading
_xStudy and teaching (Elementary).
_9644
942 _2lcc
_cBK-TR
_kTR
999 _c2795
_d2795